|
|
|
|
| LEADER |
00000nas a2200000 a 4500 |
| 001 |
ssj0007667 |
| 003 |
WaSeSS |
| 005 |
20200512172242.0 |
| 006 |
m d |
| 007 |
cr n |
| 008 |
981002c19849999nyufx p s 0 0eng c |
| 010 |
|
|
|a 2007233295
|
| 016 |
7 |
|
|a 013089734
|2 Uk
|
| 022 |
|
|
|a 1432-1343
|l 0176-4268
|y 0176-4268
|
| 035 |
|
|
|a (WaSeSS)ssj0007667
|
| 040 |
|
|
|a PIT
|b eng
|c PIT
|d OCL
|d AAA
|d OCL
|d OCLCQ
|d OCL
|d GUA
|d MYG
|d OCLCQ
|d UKMGB
|d OCLCQ
|d OCLCF
|d OCLCQ
|d DEFHM
|d OCLCO
|d WT2
|d OCLCQ
|d AU@
|d VT2
|d NJT
|d DLC
|d OCLCQ
|d WaSeSS
|
| 042 |
|
|
|a pcc
|
| 050 |
0 |
0 |
|a QA278
|
| 082 |
0 |
4 |
|a 001.012
|
| 130 |
0 |
|
|a Journal of classification (Online)
|
| 245 |
1 |
0 |
|a Journal of classification
|h [electronic resource].
|
| 260 |
|
|
|a New York :
|b Springer-Verlag
|
| 310 |
|
|
|a Two no. a year,
|b <1991->
|
| 362 |
1 |
|
|a Began with vol. 1, no. 1 (Dec. 1984).
|
| 506 |
|
|
|a License restrictions may limit access.
|
| 588 |
0 |
|
|a Vol. 1, no. 1 (Dec. 1984); title from journal contents screen (SpringerLink, viewed Nov. 12, 2009).
|
| 588 |
1 |
|
|a Vol. 36, issue 3 (Oct. 2019) (SpringerLink, viewed February 5, 2020).
|
| 650 |
|
0 |
|a Classification
|v Periodicals.
|
| 650 |
|
0 |
|a Numerical taxonomy
|v Periodicals.
|
| 650 |
|
0 |
|a Multivariate analysis
|v Periodicals.
|
| 650 |
|
7 |
|a Classification.
|2 fast
|0 (OCoLC)fst00863569
|
| 650 |
|
7 |
|a Multivariate analysis.
|2 fast
|0 (OCoLC)fst01029105
|
| 650 |
|
7 |
|a Numerical taxonomy.
|2 fast
|0 (OCoLC)fst01041305
|
| 650 |
|
7 |
|a Klassifikation
|2 gnd
|
| 655 |
|
0 |
|a Electronic journals.
|
| 710 |
2 |
|
|a Classification Society of North America.
|
| 776 |
0 |
8 |
|i Print version:
|t Journal of classification
|x 0176-4268
|w (DLC)sn 85024004
|w (OCoLC)11242280
|
| 850 |
|
|
|a DLC
|
| 856 |
4 |
0 |
|z Full text available from Research Library: 09/01/1997 to 12/31/1997
|u https://search.proquest.com/publication/54109
|
| 856 |
4 |
0 |
|z Full text available from Research Library: 01/01/2002 to 12/31/2018
|u https://search.proquest.com/publication/54109
|